01371 2200241 4500001002100000005001500021035002000036007000300056008004100059020001800100082000800118084001400126100002800140245011900168250000600287260003400293300002900327650003900356700003400395700003700429520064600466990001701112INLIS00000000000104720260421081926 a0010-0923000032ta260421 j 1 ind  a979-3391-96-0 a813 a813 FLP k0 aFLP Mesir ( Pengarang )1 aKutemukan Warna :bKUMPULAN CERPEN ISLAMI /cFLP Mesir ; penyunting,Salman Iskandar ; ilustrator,Deni Zainal Yusuf a- aBandung :bDar ! Mizan,c2004 a132 :bilus. ;c17 cme- 4afiksi Indonesia - Bacaan Anak-anak0 aSalman Iskanda ( Penyunting )0 aDeni Zainal Yusuf ( Ilustrator ) aTak seorang pun mengaharapkan dirinya mengalami kecelakaan, terlebih kecelakaan yang merenggut nikmat hidup untuk mendefinisikan kenikmatan memandang cipta Ilahi. Demikian pula dengan Nada, seseorang yang sangat kosmopolis dan energik. Kecelakaan lalu lintas yang dialaminya mengakibatkan dunianya tanpa warna. Sanggupkah Nada menyambut hari-hari berikutnya dengan senyum paling manis, menaklukkan senyum mentari dan kegelapannya berubah menjadi cahaya yang menerangi hati? Bersama Kutemukan Warna karya apik FLP Mesir ini kita akan menemukan banyak warna untuk menjadi lebih dekat dengan-Nya, dan tenteram dalam lindungan kasih-Nya a00055/K/2008